Pilgrimage of a country preacher... : (Record no. 276704)
[ view plain ]
| 000 -LEADER | |
|---|---|
| fixed length control field | 00671nam a22001697a 4500 |
| 005 - DATE AND TIME OF LATEST TRANSACTION | |
| control field | 20141106103719.0 |
| 008 - FIXED-LENGTH DATA ELEMENTS--GENERAL INFORMATION | |
| fixed length control field | 141106b xxu||||| |||| 00| 0 eng d |
| 050 ## - LIBRARY OF CONGRESS CALL NUMBER | |
| Classification number | BV 3774 |
| Item number | .B423 1995 |
| 100 ## - MAIN ENTRY--PERSONAL NAME | |
| Personal name | Beiting, Ralph W. |
| 245 ## - TITLE STATEMENT | |
| Title | Pilgrimage of a country preacher... : |
| Remainder of title | a journey to the holy land of Appalachia / |
| Statement of responsibility, etc | Father Ralph W. Beiting. |
| 260 ## - PUBLICATION, DISTRIBUTION, ETC. (IMPRINT) | |
| Place of publication, distribution, etc | Lancaster, KY : |
| Name of publisher, distributor, etc | Christian Applanchian Project. |
| Date of publication, distribution, etc | 1995. |
| 300 ## - PHYSICAL DESCRIPTION | |
| Extent | 110 pages : |
| Other physical details | illustrations ; |
| Dimensions | 17 cm. |
| 650 ## - SUBJECT ADDED ENTRY--TOPICAL TERM | |
| Topical term or geographic name as entry element | Catholic Church |
| General subdivision | United States |
| -- | Clergy |
| -- | Biography |
| 650 ## - SUBJECT ADDED ENTRY--TOPICAL TERM | |
| Topical term or geographic name as entry element | MIssionaries |
| General subdivision | Appalachian Region |
| -- | Biography. |
| 650 ## - SUBJECT ADDED ENTRY--TOPICAL TERM | |
| Topical term or geographic name as entry element | Christian Appalachian Project |
| General subdivision | Biography. |
| 942 ## - ADDED ENTRY ELEMENTS (KOHA) | |
| Source of classification or shelving scheme | Library of Congress Classification |
| Koha item type | Books |
| Call number prefix | Foreign |
| Withdrawn status | Lost status | Source of classification or shelving scheme | Damaged status | Home library | Current library | Shelving location | Date acquired | Sub Shelving location | Total Checkouts | Full call number | Barcode | Date last seen | Price effective from | Koha item type |
|---|---|---|---|---|---|---|---|---|---|---|---|---|---|---|
| Library of Congress Classification | College Library | College Library | General Circulation Section | 11/06/2014 | BV 3774 .B423 1995 | C1737 | 05/15/2018 | 11/06/2014 | Books |